000 00917cab a2200265 4500
001 ABS54630
008 090401t1996 xxu||||| |||| 00| 0 eng d
035 _a(Sirsi) u11426
041 _aeng
100 _aJones, G.
245 _aCompeting demand on water set to intensify
260 _c1996
350 _a0
490 _aPlanning (for the Natural and Built Environment)
_v(1156) 16 February 1996, 24-25(2)
520 _aReviews the diverse use of water areas and the range of interests and concerns involved with its recreation and conservation value. Suggest how the resulting `battle for water` may affect planning and development issues.
650 _aCOUNTRYSIDE
650 _aRECREATION
650 _aWATERSPORTS
650 _aWILDLIFE CONSERVATION
690 _aENVIRONMENTAL AND LAND CONSULTANCY
690 _aLEISURE AND RECREATION
690 _aWATER
942 _n0
948 _c04/03/1997
999 _c7282
_d7282